| 000 | 00692nam a2200229 i 4500 | ||
|---|---|---|---|
| 001 | bg | ||
| 245 | 0 | 0 |
_aWybrane problemy integracji Polski z Unią Europejską / _cpod red. Jana Jabłońskiego. |
| 260 |
_aPoznań : _bWydaw. Politechniki Poznańskiej, _c2003. |
||
| 300 |
_a266 s. : _bil. ; _c24 cm. |
||
| 500 | _aStreszcz. ang. po rozdz. | ||
| 504 | _aBibliogr. przy rozdz. | ||
| 610 | 2 | 9 |
_aUnia Europejska _xa Polska |
| 651 | 9 |
_aPolska _xa Unia Europejska |
|
| 700 | 1 |
_aJabłoński, Jan. _eRed. |
|
| 020 | _a8371435738 | ||
| 040 | _cBPK | ||
| 041 | 0 |
_apol _beng |
|
| 080 | _a339.92(438:4-67) | ||
| 920 | _a83-7143-573-8 | ||
| 942 | _cKS | ||
| 008 | s pl f |000 0 pol | ||
| 999 |
_c43064 _d43064 |
||
| 856 |
_uhttp://koha.tu.koszalin.pl/cgi-bin/koha/opac-detail.pl?biblionumber=43064 _yKatalog online BPK |
||